El país que quiero : (Registro nro. 14542)
[ vista simple ]
| 000 -LIDER | |
|---|---|
| fixed length control field | 00865nam a22002537a 4500 |
| 001 - NÚMERO DE CONTROL | |
| Identificador de número de control | 7841 |
| 003 - IDENTIFICACDOR DE NÚMERO DE CONTROL | |
| control field | DO-SdBNP |
| 005 - DATE AND TIME OF LATEST TRANSACTION | |
| control field | 20240125110044.0 |
| 007 - CAMPOS FIJOS DE DESCRIPCIÓN FÍSICA | |
| fixed length control field | 7841 |
| 008 - ELEMENTOS DE LONGITUD FIJA | |
| fixed length control field | 160921b2012 mx || 00| 0 spa d |
| 020 ## - ISBN | |
| International Standard Book Number | 9781921700873 |
| 040 ## - FUENTE DE CATALOGACIÓN | |
| Idioma de catalogación | BPMSU |
| Agencia que realiza la transcripción | spa |
| Agencia que realiza la modificación | BPMSU |
| 082 #4 - NÚMERO DE CLASIFICACIÓN DECIMAL DE DEWEY | |
| Classification number | 324.97284 |
| Item number | S194p 2012 |
| Edition number | 22 |
| 100 1# - ASIENTO PRINCIPAL -- NOMBRE PERSONAL | |
| Nombre personal | Sánchez Cerén, Salvador |
| 245 13 - MENCIÓN DE TITULO | |
| Título | El país que quiero : |
| Subtítulo | 2014 elecciones presidenciales en El Salvaldor, la eperanza en el buen vivir está en el corazán de la gente // |
| Mención de responsabilidad | Salvador Sánchez Cerén |
| 260 ## - PUBLICACIÓN, DISTRIBUCIÓN, ETC. (PIE DE IMPRENTA) | |
| Lugar de publicación, distribución, etc | México : |
| Nombre del editor, distribuidor, etc. | Ocean Press y Ocean Sur, |
| Fecha de publicación, distribución, etc | 2012 |
| 300 ## - DESCRIPCIÓN FÍSICA | |
| Extensión | 152 p. ; |
| Otros detalles físicos | 24 cm. |
| 590 ## - NOTA LOCAL | |
| Texto de la nota local | Inventariado, 2024/VM |
| 650 #4 - ENCABEZAMIENTO DE MATERIA--TEMÁTICO | |
| Término temático o nombre geográfico como elemento de entrada | Elecciones |
| Subdivisión geográfica | El Salvador |
| Subdivisión temática general | |
| 651 #4 - ENCABEZAMIENTO DE MATERIA--NOMBRE GEOGRÁFICO | |
| Nombre geográfico | El Salvador |
| Subdivisión temática general | Política y gobierno |
| 710 ## - ASIENTO SECUNDARIO -- NOMBRE CORPORATIVO | |
| Nombre corporativo o de jurisdicción | Biblioteca Nacional de El Salvador |
| 910 ## - VALIDACIÓN | |
| Validación | VMateo V. Contorl de calidad. BPMSU |
| 942 ## - ADDED ENTRY ELEMENTS (KOHA) | |
| Source of classification or shelving scheme | Dewey Decimal Classification |
| Koha item type | Libros |
| Withdrawn status | Lost status | Source of classification or shelving scheme | Damaged status | Not for loan | Collection code | Home library | Current library | Date acquired | Total Checkouts | Full call number | Barcode | Date last seen | Price effective from | Koha item type |
|---|---|---|---|---|---|---|---|---|---|---|---|---|---|---|
| Dewey Decimal Classification | Colección General | Biblioteca Pública Metropolitana Salomé Ureña | Biblioteca Pública Metropolitana Salomé Ureña | 01/25/2024 | BPMSU CG 324.97284 S194p 2012 | BPMSU24010042 | 01/25/2024 | 01/25/2024 | Libros |